[Event "Kupreichik Memorial Rapid 2019"]
[Site "Minsk"]
[Date "2019.08.15"]
[Round "2.12"]
[White "Mustaps, Matiss"]
[Black "Lazavik, Denis"]
[Result "1/2-1/2"]
[WhiteElo "2381"]
[BlackElo "2347"]
[Annotator "TA"]
[PlyCount "39"]
[EventDate "2019.08.15"]
[EventType "swiss"]
[EventCountry "BLR"]
[SourceTitle "playchess.com"]
[Source "ChessBase"]
[SourceQuality "1"]

{[%evp 25,39,0,0,0,11,-15,-21,-26,-14,-19,-19,-11,-13,-19,-12,-23]} 1. e4 e5 2. Nf3 Nc6 3. Bb5 a6 4. Ba4 Nf6 5. d3 b5 6. Bb3 Be7 7. O-O d6 8. c3 O-O 9. Nbd2 {[%cal Bb1d2,Bd2f1,Bf1e3][%mdl 32]} Na5 10. Bc2 c5 11. Re1 Nc6 12. Nf1 h6 13. h3 Re8 14. Ne3 {C90: Closed Ruy Lopez with 7...d6: Early deviations} (14. Ng3 Be6 15. Bd2 Bf8 16. a4 Qd7 17. Qe2 b4 18. a5 b3 19. Bd1 c4 20. dxc4 Qc7 21. Bxb3 Reb8 22. Bc2 Rxb2 {½-½ (58) Bauer,C (2643)-Oparin,G (2624) Brest 2019}) 14... Be6 15. d4 cxd4 16. cxd4 Nxd4 17. Nxd4 {The position is equal.} exd4 18. Qxd4 Rc8 19. Bb3 Bf8 20. Bd5 $146 ({Predecessor:} 20. Bd2 Bxb3 21. axb3 Rxe4 22. Qd3 {0-1 (57) Sawatzki,F (2392)-Bellia,F (2458) Stockholm 2019}) 1/2-1/2

[Event "Kupreichik Memorial Rapid 2019"]
[Site "Minsk"]
[Date "2019.08.15"]
[Round "2.13"]
[White "Romanovskij, Nikita"]
[Black "Pogosian, Manvel"]
[Result "0-1"]
[WhiteElo "1869"]
[BlackElo "2383"]
[Annotator "TA"]
[PlyCount "80"]
[EventDate "2019.08.15"]
[EventType "swiss"]
[EventCountry "BLR"]
[SourceTitle "playchess.com"]
[Source "ChessBase"]
[SourceQuality "1"]

{[%evp 9,80,1,30,14,17,3,25,4,40,24,28,23,36,14,33,25,19,0,0,-21,-17,-25,-12,-20,-27,-36,-12,-6,-12,-23,21,24,25,0,0,-20,0,-6,33,12,134,125,380,345,293,320,253,204,216,194,205,193,211,208,193,154,185,194,202,204,208,210,191,173,503,503,501,479,479,469,454,-1402,-1440]} 1. d4 Nf6 2. Nf3 e6 3. Bf4 b6 4. e3 Bb7 5. h3 g6 (5... Bd6 6. Bxd6 cxd6 7. Nbd2 O-O 8. Bd3 d5 9. c3 d6 10. O-O Ba6 11. Bxa6 Nxa6 12. a4 Nc7 13. Qe2 {0-1 (47) Nakamura,H (2786)-Carlsen,M (2832) chess.com INT 2018}) 6. Bd3 {A47: 1 d4 Nf6 2 Nf3 b6: Torre, London and Colle Systems} Bg7 7. O-O O-O 8. Nbd2 {White has an edge.} d6 9. Bh2 Nbd7 10. c3 Qe7 11. Qe2 Rfd8 $146 ({Predecessor:} 11... a5 12. Rad1 Rfd8 13. e4 e5 14. dxe5 dxe5 {0-1 (56) Huber,B (2006)-Krastev,A (1988) Verden/Aller 2017}) 12. Ba6 Bxa6 13. Qxa6 e5 14. dxe5 dxe5 15. Qc4 Ne8 16. Rfd1 Nd6 17. Qe2 Nc5 18. Nc4 {[%cal Rc4e5]} e4 19. Nd4 Bxd4 20. Rxd4 Nf5 21. Rxd8+ Rxd8 22. Rd1 Nd3 23. Ne5 $36 {[%mdl 2048] [#] Nc6 is the strong threat. White is pushing.} Nxb2 $1 {[%mdl 512]} 24. Rb1 (24. Qxb2 Rxd1#) 24... Qa3 (24... Na4 $1 $11 25. Qc2 (25. Nc6 Qd7 $15) 25... Qe8) 25. g4 $16 ({But not} 25. Rxb2 $2 Qxb2 $1 {[%mdl 512]} 26. Qf1 Qc2 $19) 25... Na4 $2 {[%mdl 8192]} (25... Nd3 $16 {was necessary.}) 26. gxf5 Nxc3 {[#]} 27. Qc4 $1 {[%csl LRc7,LRf7,LRg6][%mdl 576] Double Attack} Qxa2 28. Qxa2 Nxa2 29. fxg6 hxg6 30. Nc6 Rd2 31. Nxa7 Nc3 32. Rb3 Nd5 33. Nc6 Rc2 {[#]} 34. Nb4 $1 {[%cal Rb4c2]} Rc1+ 35. Kg2 Ne7 36. Be5 c5 $2 (36... Kf8 {is a better chance.} 37. Rb2 Rc4) 37. Na2 $18 Rc2 38. Rxb6 {Rb8+ would kill now.} f6 39. Bxf6 Nd5 40. Bg5 $4 {[%mdl 8192]} (40. Rb2 $18 Nxe3+ 41. Kg3 Rxb2 42. Bxb2) 40... Nxb6 {Accuracy: White = 41%, Black = 36%.} 0-1

[Event "Kupreichik Memorial Rapid 2019"]
[Site "Minsk"]
[Date "2019.08.15"]
[Round "2.14"]
[White "Zhukova, Natalia"]
[Black "Siniauski, Artsiom"]
[Result "0-1"]
[WhiteElo "2333"]
[BlackElo "2142"]
[Annotator "TA"]
[PlyCount "181"]
[EventDate "2019.08.15"]
[EventType "swiss"]
[EventCountry "BLR"]
[SourceTitle "playchess.com"]
[Source "ChessBase"]
[SourceQuality "1"]

{[%evp 20,181,8,0,35,-7,10,-18,17,16,24,22,20,0,0,0,18,-11,5,0,51,38,36,35,43,33,38,41,54,44,87,84,78,79,102,102,104,103,130,130,130,115,156,156,156,125,114,106,106,106,121,116,131,123,148,110,110,110,110,74,74,74,74,74,74,74,74,74,74,74,74,74,74,74,74,74,74,74,74,50,50,50,50,26,50,50,50,50,50,50,50,50,50,50,50,0,50,50,50,26,26,2,0,8,8,8,8,8,8,8,17,0,8,8,8,8,43,43,43,43,56,43,43,29,29,29,29,29,29,29,29,29,29,29,29,14,56,56,67,67,67,67,67,67,67,67,67,43,43,43,67,56,67,56,56,56,56,56,56,56,56,56,56,56]} 1. c4 Nf6 2. Nc3 e5 3. Nf3 Nc6 4. g3 d5 5. cxd5 Nxd5 6. Bg2 Nb6 7. O-O Be7 8. a3 a5 9. d3 O-O 10. Be3 Be6 11. Rc1 Qd7 {A29: English Opening: Four Knights Variation with 4 g3} (11... a4 12. Nd2 f5 13. Bxb6 cxb6 14. Nxa4 Bg5 15. Nc3 e4 16. Kh1 Qd7 17. Rb1 Rad8 18. Nc4 Qf7 19. b3 exd3 20. exd3 {0-1 (43) Giri,A (2777)-Carlsen,M (2843) Shamkir 2018}) 12. Ne4 Rfd8 $146 ({Predecessor:} 12... Nd5 13. Bc5 Bd6 14. Qc2 Rac8 15. Rfd1 {½-½ (15) Voloshin,L (2453)-Belikov,V (2483) Alushta 2010}) 13. Bc5 Bd5 {The position is equal.} (13... f5 $5 {[%cal Rf5e4]} 14. Ned2 Bf6 $11) 14. Bxe7 Qxe7 15. Nc5 {[%cal Be4c5,Bc5a4,Ba4c3][%mdl 32]} Rab8 16. Nd2 Bxg2 17. Kxg2 Nd4 18. Ndb3 Nxb3 19. Qxb3 Rd5 ({Black should play} 19... Nd5 $11) 20. Na4 Rd6 21. Nc3 Qd7 22. Qb5 Rh6 {Threatening ...Qh3+.} 23. Qxd7 Nxd7 24. Ne4 Rc8 25. Nc5 $36 {[%mdl 2048] Keeping Black busy.} Nxc5 26. Rxc5 $16 {[%mdl 4160] [#] Endgame Double Attack. KRR-KRR} a4 27. Rxe5 Rb6 28. Rb1 Rb3 29. Rc5 c6 30. Rc3 Rb5 31. b4 axb3 32. Rbxb3 Rxb3 33. Rxb3 {KR-KR} b5 34. d4 Rd8 35. e3 Kf8 36. Rc3 Rd6 37. a4 bxa4 38. Ra3 c5 39. dxc5 Rc6 40. Rxa4 Rxc5 41. h4 h5 42. e4 g6 43. Kf3 Rc2 44. Ke3 Rb2 45. f3 Rb3+ 46. Kf4 Ke7 47. Ra7+ Ke6 48. Ra6+ Ke7 49. g4 hxg4 50. Kxg4 Rb5 51. Ra8 Rb1 52. Ra5 Rg1+ 53. Kf4 Rh1 54. Kg3 Kf6 55. Ra4 Ke6 56. Ra6+ Ke7 57. Ra4 Ke6 58. Rb4 Ke7 59. e5 Ke6 60. Rf4 Rg1+ 61. Kf2 Rh1 62. Kg2 Re1 63. Rf6+ Ke7 64. f4 Re3 65. h5 gxh5 66. Rh6 Re2+ 67. Kg3 Re3+ 68. Kh4 Kf8 69. Rxh5 Kg7 70. Rf5 Re1 71. Kg3 Rg1+ 72. Kf2 Ra1 73. Rf6 Ra3 74. Rb6 $1 Rc3 75. Rd6 Ra3 76. Ke2 Rb3 77. Rd3 Rb4 78. Kf3 {White is slightly better.} Ra4 79. Kg4 Rb4 80. Rd7 Kg6 81. Rd6+ Kg7 82. Kg5 Rb1 83. Rd7 Rg1+ 84. Kf5 {[#] Threatens to win with e6.} Rg6 85. Ke4 Ra6 86. f5 {e6 is the strong threat.} Ra4+ $1 87. Kf3 {And now e6 would win.} Kf8 88. Ke3 Rh4 89. Rd4 Rh5 90. Ke4 Ke7 91. f6+ {[%mdl 32768] Accuracy: White = 57%, Black = 69%. . Loss on time!?} 0-1

[Event "Kupreichik Memorial Rapid 2019"]
[Site "Minsk"]
[Date "2019.08.15"]
[Round "2.15"]
[White "Svjatocho, Andrej"]
[Black "Pein, Malcolm"]
[Result "0-1"]
[WhiteElo "1995"]
[BlackElo "2312"]
[Annotator "TA"]
[PlyCount "66"]
[EventDate "2019.08.15"]
[EventType "swiss"]
[EventCountry "BLR"]
[SourceTitle "playchess.com"]
[Source "ChessBase"]
[SourceQuality "1"]

{[%evp 9,84,42,46,4,39,8,0,-6,4,-12,-11,-10,8,-2,-1,0,18,7,6,0,8,0,0,-14,-3,-14,39,30,76,68,62,77,54,12,84,101,104,-26,-30,-20,22,-22,-18,-27,0,-68,-64,-172,-176,-356,-350,-341,-308,-340,-327,-329,-321,-299,-331,-360,-339,-427,-426,-657,-652,-768,-576,-869,-635,-618,-602,-848,-833,-1552,-1599,-1429,-954]} 1. e4 d6 2. d4 g6 3. Nc3 Bg7 4. Bg5 Nf6 5. Qd2 a6 (5... h6 6. Bh4 O-O 7. O-O-O c6 8. Kb1 Qa5 9. f4 Be6 10. a3 Re8 11. Nf3 Nbd7 12. Bd3 Rab8 13. e5 dxe5 14. dxe5 {1-0 (51) Matlakov,M (2683)-Onischuk,V (2623) Bastia 2018}) 6. Bd3 {B07: Pirc Defence: Miscellaneous Systems} Nc6 7. Nce2 $146 ({Predecessor:} 7. Nge2 h6 8. Bf4 e5 9. dxe5 Nxe5 10. O-O g5 11. Bxe5 dxe5 12. Rad1 Be6 13. Ng3 {½-½ (26) Baptie,J (2081)-Turner,C (2110) Southend 2007}) 7... h6 8. Bh4 {The position is equal.} O-O 9. f4 e5 $1 10. c3 exf4 11. Bxf6 $1 Qxf6 12. Nxf4 Bg4 13. Nge2 Rae8 14. O-O Qg5 15. Rad1 Ne7 16. h3 Bd7 17. Kh1 Kh7 (17... h5 $11) 18. Ng1 $14 f5 19. Nf3 Qf6 $1 {[#] aiming for ...fxe4.} 20. e5 $1 {[%cal Re5f6]} Qf7 21. Rde1 {Strongly threatening e6.} Qxa2 (21... dxe5 $11 22. dxe5 Nc6) 22. e6 $16 Bc6 23. Ra1 (23. Nh4 $16) 23... Qb3 $11 24. Bc2 Qb6 25. d5 Bb5 26. Rfd1 c6 27. dxc6 (27. g4 $11) 27... Bxc6 $15 28. Qxd6 ({Better is} 28. Ba4 $15) 28... Qxb2 $19 {[%mdl 64] [#] Double Attack} 29. Ba4 $2 (29. Nd4) 29... b5 ({Not} 29... Qxc3 30. Ra3 $17) 30. Rab1 Qf2 31. Nd3 Qe3 32. Re1 Qa7 33. Nfe5 Bxe5 {Played: Bc6-e4} 0-1

[Event "Kupreichik Memorial Rapid 2019"]
[Site "Minsk"]
[Date "2019.08.15"]
[Round "2.16"]
[White "Mikhailovsky, Vladimir"]
[Black "Kharin, Mikhail"]
[Result "0-1"]
[WhiteElo "2209"]
[BlackElo "2156"]
[Annotator "NA"]
[PlyCount "128"]
[EventDate "2019.08.15"]
[EventType "swiss"]
[EventCountry "BLR"]
[SourceTitle "playchess.com"]
[Source "ChessBase"]
[SourceQuality "1"]
[TimeControl "900+10"]

1. c4 {[%emt 0:00:00]} e5 {[%emt 0:00:00]} 2. Nc3 {[%emt 0:00:00]} d6 {[%emt 0:00:06]} 3. g3 {[%emt 0:00:18]} g6 {[%emt 0:00:02]} 4. Bg2 {[%emt 0:00:04]} Bg7 {[%emt 0:00:02]} 5. Nf3 {[%emt 0:00:14]} f5 {[%emt 0:00:02]} 6. e4 {[%emt 0:01:21]} Nf6 {[%emt 0:00:16]} 7. exf5 {[%emt 0:00:21]} gxf5 {[%emt 0:00:06]} 8. d4 {[%emt 0:00:04]} e4 {[%emt 0:02:11]} 9. Nh4 {[%emt 0:00:08]} O-O {[%emt 0:00:08]} 10. O-O {[%emt 0:00:09]} Nc6 {[%emt 0:00:18]} 11. Bg5 {[%emt 0:02:05]} Qe8 {[%emt 0:00:48]} 12. h3 {[%emt 0:05:13]} Bd7 {[%emt 0:01:45]} 13. Rc1 {[%emt 0:00:38]} Rc8 {[%emt 0:00:29]} 14. Re1 {[%emt 0:00:53]} Qf7 {[%emt 0:00:16]} 15. Ne2 {[%emt 0:01:36]} Nb4 {[%emt 0:01:09]} 16. Nf4 {[%emt 0:01:05]} h6 {[%emt 0:03:50]} 17. Bxf6 {[%emt 0:00:16]} Bxf6 {[%emt 0:00:38]} 18. Nhg6 {[%emt 0:01:34]} Rfe8 {[%emt 0:00:06]} 19. a3 {[%emt 0:01:02]} Nc6 {[%emt 0:01:30]} 20. d5 {[%emt 0:00:02]} Ne5 {[%emt 0:00:16]} 21. Nxe5 {[%emt 0:00:08]} Bxe5 {[%emt 0:00:15]} 22. Qd2 {[%emt 0:00:13]} Kh7 {[%emt 0:00:36]} 23. b4 {[%emt 0:00:39]} Rg8 {[%emt 0:00:20]} 24. c5 {[%emt 0:00:05]} Qf6 {[%emt 0:00:48]} 25. Rc2 {[%emt 0:00:23]} Ba4 {[%emt 0:00:34]} 26. Rc4 {[%emt 0:00:28]} Bb3 {[%emt 0:02:03]} 27. Rcc1 {[%emt 0:00:02]} Ba4 {[%emt 0:00:35]} 28. c6 {[%emt 0:00:22]} bxc6 {[%emt 0:00:11]} 29. dxc6 {[%emt 0:00:03]} Qg5 {[%emt 0:00:05]} 30. h4 {[%emt 0:00:21]} Bxf4 {[%emt 0:00:01]} 31. Qxf4 {[%emt 0:00:03]} Qxf4 {[%emt 0:00:02]} 32. gxf4 {[%emt 0:00:02]} Rg4 {[%emt 0:00:02]} 33. Re3 {[%emt 0:00:26]} Rcg8 {[%emt 0:00:18]} 34. Rg3 {[%emt 0:00:02]} Rxg3 {[%emt 0:00:01]} 35. fxg3 {[%emt 0:00:02]} Rxg3 {[%emt 0:00:02]} 36. Kf2 {[%emt 0:00:25]} Rxa3 {[%emt 0:00:04]} 37. Bf1 {[%emt 0:00:07]} Rf3+ {[%emt 0:00:06]} 38. Kg2 {[%emt 0:00:01]} Rxf4 39. Ra1 Bxc6 {[%emt 0:00:09]} 40. Rxa7 {[%emt 0:00:01]} e3+ {[%emt 0:00:05]} 41. Kg1 {[%emt 0:00:01]} Rg4+ {[%emt 0:00:10]} 42. Kh2 {[%emt 0:00:02]} Rg7 {[%emt 0:00:04]} 43. Ra3 {[%emt 0:00:28]} Re7 {[%emt 0:00:08]} 44. Rc3 {[%emt 0:00:22]} Bf3 {[%emt 0:00:27]} 45. Kg3 {[%emt 0:00:06]} e2 {[%emt 0:00:06]} 46. Bxe2 {[%emt 0:00:02]} Bxe2 {[%emt 0:00:01]} 47. Kf4 {[%emt 0:00:01]} Bg4 {[%emt 0:00:07]} 48. b5 {[%emt 0:00:02]} Kg6 {[%emt 0:00:07]} 49. b6 {[%emt 0:00:05]} cxb6 {[%emt 0:00:05]} 50. Rc6 {[%emt 0:00:02]} Re4+ {[%emt 0:00:09]} 51. Kg3 {[%emt 0:00:01]} Rd4 {[%emt 0:00:01]} 52. Rxb6 {[%emt 0:00:03]} Rd3+ {[%emt 0:00:04]} 53. Kg2 {[%emt 0:00:04]} Kh5 {[%emt 0:00:04]} 54. Rb2 {[%emt 0:00:04]} Kxh4 {[%emt 0:00:03]} 55. Kh2 {[%emt 0:00:02]} Re3 {[%emt 0:00:04]} 56. Kg1 {[%emt 0:00:09]} f4 {[%emt 0:00:07]} 57. Rh2+ {[%emt 0:00:02]} Rh3 {[%emt 0:00:12]} 58. Rd2 {[%emt 0:00:02]} Bf3 {[%emt 0:00:22]} 59. Rxd6 {[%emt 0:00:05]} Kg3 {[%emt 0:00:08]} 60. Rg6+ {[%emt 0:00:06]} Bg4 {[%emt 0:00:01]} 61. Ra6 {[%emt 0:00:15]} Rh2 {[%emt 0:00:26]} 62. Ra3+ {[%emt 0:00:53]} Bf3 {[%emt 0:00:02]} 63. Rxf3+ {[%emt 0:00:34]} Kxf3 {[%emt 0:00:01]} 64. Kxh2 {[%emt 0:00:02]} Ke2 {[%emt 0:00:01]} 0-1

[Event "Kupreichik Memorial Rapid 2019"]
[Site "Minsk"]
[Date "2019.08.15"]
[Round "2.17"]
[White "Zverev, Lev"]
[Black "Veremeichik, Vladimir"]
[Result "1/2-1/2"]
[WhiteElo "1881"]
[BlackElo "2282"]
[Annotator "NA"]
[PlyCount "108"]
[EventDate "2019.08.15"]
[EventType "swiss"]
[EventCountry "BLR"]
[SourceTitle "playchess.com"]
[Source "ChessBase"]
[SourceQuality "1"]
[TimeControl "900+10"]

1. e4 {[%emt 0:00:00]} c5 {[%emt 0:00:00]} 2. Nf3 {[%emt 0:00:00]} Nc6 {[%emt 0:00:00]} 3. d4 {[%emt 0:00:00]} cxd4 {[%emt 0:00:00]} 4. Nxd4 {[%emt 0:00:00]} g6 {[%emt 0:00:00]} 5. Nc3 {[%emt 0:00:01]} Bg7 {[%emt 0:00:00]} 6. Be3 {[%emt 0:00:02]} Nf6 {[%emt 0:00:00]} 7. Bc4 {[%emt 0:00:02]} Qa5 {[%emt 0:00:00]} 8. O-O {[%emt 0:00:04]} d6 {[%emt 0:00:03]} 9. h3 {[%emt 0:00:02]} O-O {[%emt 0:00:03]} 10. Bb3 {[%emt 0:00:02]} Bd7 {[%emt 0:00:01]} 11. Re1 {[%emt 0:00:01]} Rad8 {[%emt 0:00:26]} 12. Nf3 {[%emt 0:00:55]} Bc8 {[%emt 0:01:05]} 13. Qe2 {[%emt 0:00:13]} Qc7 {[%emt 0:00:54]} 14. Rad1 {[%emt 0:01:25]} b6 {[%emt 0:03:25]} 15. Nd5 {[%emt 0:00:16]} Qb7 {[%emt 0:00:06]} 16. Ba4 {[%emt 0:01:35]} Rfe8 {[%emt 0:01:16]} 17. c3 {[%emt 0:00:46]} Bd7 {[%emt 0:02:05]} 18. Bc2 {[%emt 0:00:30]} b5 {[%emt 0:01:43]} 19. Nd4 {[%emt 0:00:40]} Nxd5 {[%emt 0:01:25]} 20. exd5 {[%emt 0:00:07]} Na5 {[%emt 0:01:25]} 21. Be4 {[%emt 0:01:10]} Rc8 {[%emt 0:00:36]} 22. Bc1 {[%emt 0:00:46]} b4 {[%emt 0:00:21]} 23. cxb4 {[%emt 0:00:23]} Qxb4 {[%emt 0:00:06]} 24. Nc2 {[%emt 0:00:02]} Qc4 {[%emt 0:00:20]} 25. Qxc4 {[%emt 0:00:41]} Nxc4 {[%emt 0:00:04]} 26. Nd4 {[%emt 0:00:16]} Nb6 {[%emt 0:00:17]} 27. Nc6 {[%emt 0:03:55]} Bxc6 {[%emt 0:02:27]} 28. dxc6 {[%emt 0:00:05]} Bf8 {[%emt 0:00:02]} 29. Bf4 {[%emt 0:00:31]} d5 {[%emt 0:00:10]} 30. Bd3 {[%emt 0:00:21]} Nc4 {[%emt 0:00:24]} 31. Bxc4 {[%emt 0:00:50]} dxc4 {[%emt 0:00:01]} 32. c7 {[%emt 0:00:02]} f6 {[%emt 0:00:01]} 33. Rd7 {[%emt 0:00:03]} e5 {[%emt 0:00:02]} 34. Be3 {[%emt 0:00:07]} Re7 {[%emt 0:00:02]} 35. Rd8 {[%emt 0:01:14]} Rcxc7 {[%emt 0:00:02]} 36. Bh6 {[%emt 0:00:03]} Rg7 {[%emt 0:01:27]} 37. Bxg7 {[%emt 0:00:14]} Kxg7 {[%emt 0:00:01]} 38. Red1 {[%emt 0:00:01]} Bc5 {[%emt 0:00:37]} 39. R8d7+ {[%emt 0:00:08]} Rxd7 {[%emt 0:00:01]} 40. Rxd7+ {[%emt 0:00:01]} Kh6 {[%emt 0:00:00]} 41. Rc7 {[%emt 0:00:01]} Bd4 {[%emt 0:00:01]} 42. Rxc4 {[%emt 0:00:19]} Bxb2 {[%emt 0:00:02]} 43. Kh2 {[%emt 0:00:17]} Kg5 {[%emt 0:00:07]} 44. Kg3 {[%emt 0:00:02]} Kf5 {[%emt 0:00:03]} 45. Kf3 {[%emt 0:00:18]} h5 {[%emt 0:00:01]} 46. Rc6 {[%emt 0:00:23]} Bd4 {[%emt 0:00:07]} 47. Ke2 {[%emt 0:00:33]} h4 {[%emt 0:00:15]} 48. Rd6 {[%emt 0:00:09]} Bc5 {[%emt 0:00:08]} 49. Ra6 {[%emt 0:00:06]} Bb6 {[%emt 0:00:03]} 50. f3 {[%emt 0:00:12]} g5 {[%emt 0:00:05]} 51. Ra4 {[%emt 0:00:13]} Bd4 {[%emt 0:00:05]} 52. Ra6 {[%emt 0:00:03]} Bb6 {[%emt 0:00:02]} 53. Ra4 {[%emt 0:00:11]} Bd4 {[%emt 0:00:01]} 54. Ra6 {[%emt 0:00:11]} Bb6 {[%emt 0:00:01]} 1/2-1/2

[Event "Kupreichik Memorial Rapid 2019"]
[Site "Minsk"]
[Date "2019.08.15"]
[Round "2.18"]
[White "Meshkov, Yuri A."]
[Black "Kiryliuk, Ilya"]
[Result "1-0"]
[WhiteElo "2336"]
[BlackElo "1948"]
[Annotator "TA"]
[PlyCount "103"]
[EventDate "2019.08.15"]
[EventType "swiss"]
[EventCountry "BLR"]
[SourceTitle "playchess.com"]
[Source "ChessBase"]
[SourceQuality "1"]

{[%evp 9,103,45,25,0,20,17,23,11,16,15,16,14,27,24,27,-16,-16,-18,-6,-44,-40,-47,-43,-67,-47,-116,-56,-54,-50,-68,-72,-79,-72,-56,-44,-52,-52,-49,-44,-59,-59,-59,-55,-68,-66,-61,-22,-19,7,-104,-98,-102,-120,-160,-85,-165,-41,-39,-34,-38,-22,-25,-31,-31,-30,-37,56,50,52,0,73,0,128,120,197,201,372,137,392,378,1158,1108,29983,29984,29988,29986,29986,29987,29997,29973,29997,552,29995,29994,29996,29997]} 1. e4 c5 2. g3 e6 3. Bg2 Nc6 4. Ne2 Nf6 5. O-O Be7 6. c4 {B20: Sicilian: Unusual White 2nd moves} (6. d4 d5 7. exd5 Nxd5 8. dxc5 O-O 9. a3 Bxc5 10. b4 Be7 11. c4 Nf6 12. Bb2 Qc7 13. Nbc3 {0-1 (48) Motwani,P (2505)-Chuchelov,V (2539) Belgium 2007}) 6... e5 $146 ({Predecessor:} 6... d6 7. d4 cxd4 8. Nxd4 Nxd4 9. Qxd4 e5 10. Qd2 O-O 11. Nc3 Bd7 {½-½ (26) Sremanak,S (2149)-Rybansky,A (2113) Slovakia 2010}) 7. d3 d6 8. h3 {White has an edge.} O-O 9. Nbc3 Nd4 10. f4 Bd7 11. g4 Bc6 12. Ng3 Nd7 13. Nd5 Bxd5 14. cxd5 Bh4 15. Nf5 Nxf5 16. exf5 Bg3 17. Qb3 ({White should try} 17. fxe5 $15 Bxe5 18. g5) 17... Qb6 (17... Qh4 $17 18. Qxb7 Nf6) 18. Qxb6 $15 axb6 19. fxe5 Bxe5 20. a3 Bd4+ 21. Kh1 Ne5 22. Be4 b5 23. Rb1 f6 24. Rd1 Rfc8 25. Bd2 Ra4 26. Be1 Kf7 27. Kg2 h5 28. gxh5 Rh8 29. Bc3 (29. b4 $11) 29... Rxh5 $17 30. Bd2 Ra8 31. Rh1 Ke7 ({Black should play} 31... g6 32. fxg6+ Nxg6) 32. Kg3 (32. Bc3 $17 {might work better.}) 32... Rh7 ({Better is} 32... Rg8 $19 {White must now prevent ...g6.} 33. h4 Kd7) 33. Bc3 $15 Ra4 34. Rhc1 Kd7 35. b3 Rxa3 {Strongly threatening ...Bxc3.} 36. Bxd4 cxd4 37. Rc2 Ra7 (37... Ra8 $15) 38. Rbc1 $14 {[%mdl 1024] aiming for Rc7+. White has compensation.} b6 39. Rc8 Rb7 (39... Ke7 $11 {keeps the balance.}) 40. b4 (40. Rg8 $16) 40... Ke7 (40... Ra7 $1 $11 {remains equal.}) 41. Ra8 Nd7 (41... Kf7 $16) 42. Rcc8 $18 Rh6 $2 {[#]} (42... Kf7 43. h4 Rh5) 43. Re8+ Kf7 44. Re6 Rc7 $2 (44... Nb8 45. Rxd6 Rh8) 45. Rxd6 Rh5 46. Rc6 Rg5+ 47. Kh2 Rb7 48. d6 {[%cal Re4d5]} Rb8 49. Rc7 Ke8 50. Raa7 (50. Rc8+ $142 Rxc8 51. Rxc8+ Kf7 52. Bd5#) 50... Nf8 51. Re7+ Kd8 52. Bc6 {Accuracy: White = 50%, Black = 34%.} 1-0

[Event "Kupreichik Memorial Rapid 2019"]
[Site "Minsk"]
[Date "2019.08.15"]
[Round "2.19"]
[White "Melekhov, Artyom"]
[Black "Mochalov, Evgeny V"]
[Result "0-1"]
[WhiteElo "1471"]
[BlackElo "2374"]
[Annotator "NA"]
[PlyCount "110"]
[EventDate "2019.08.15"]
[EventType "swiss"]
[EventCountry "BLR"]
[SourceTitle "playchess.com"]
[Source "ChessBase"]
[SourceQuality "1"]
[TimeControl "900+10"]

1. e4 {[%emt 0:00:00]} c5 {[%emt 0:00:00]} 2. Nf3 {[%emt 0:00:00]} g6 {[%emt 0:00:00]} 3. d4 {[%emt 0:00:00]} cxd4 {[%emt 0:00:00]} 4. Nxd4 {[%emt 0:00:00]} Bg7 {[%emt 0:00:00]} 5. c4 {[%emt 0:00:04]} Nc6 {[%emt 0:00:13]} 6. Be3 {[%emt 0:00:36]} Nf6 {[%emt 0:00:03]} 7. Nc3 {[%emt 0:00:01]} O-O {[%emt 0:00:07]} 8. Be2 {[%emt 0:00:16]} d6 {[%emt 0:00:03]} 9. O-O {[%emt 0:00:14]} Bd7 {[%emt 0:00:04]} 10. Rc1 {[%emt 0:00:20]} Nxd4 {[%emt 0:00:19]} 11. Bxd4 {[%emt 0:00:23]} Bc6 {[%emt 0:00:34]} 12. e5 {[%emt 0:01:57]} dxe5 {[%emt 0:01:24]} 13. Bxe5 {[%emt 0:00:24]} Qa5 {[%emt 0:00:13]} 14. Bg3 {[%emt 0:01:21]} Ne4 {[%emt 0:04:52]} 15. Nxe4 {[%emt 0:07:04]} Bxe4 {[%emt 0:00:04]} 16. Qb3 {[%emt 0:01:20]} Qb6 {[%emt 0:02:16]} 17. Rcd1 {[%emt 0:03:34]} Bxb2 {[%emt 0:01:07]} 18. Qxb6 {[%emt 0:00:13]} axb6 {[%emt 0:00:01]} 19. Bd3 {[%emt 0:00:01]} Bc6 {[%emt 0:02:39]} 20. Bc7 {[%emt 0:00:02]} Ra6 {[%emt 0:02:31]} 21. Rd2 {[%emt 0:00:20]} Bc3 {[%emt 0:00:28]} 22. Rc2 {[%emt 0:00:01]} Bd4 {[%emt 0:00:03]} 23. Rb1 {[%emt 0:00:21]} Rc8 {[%emt 0:00:26]} 24. c5 {[%emt 0:00:12]} Ra3 {[%emt 0:00:17]} 25. cxb6 {[%emt 0:00:09]} Rxd3 {[%emt 0:00:50]} 26. Rxc6 {[%emt 0:00:10]} Bxb6 {[%emt 0:00:32]} 27. Rcxb6 {[%emt 0:00:04]} Rxc7 {[%emt 0:00:01]} 28. g3 {[%emt 0:00:08]} Rdd7 {[%emt 0:00:15]} 29. R1b2 {[%emt 0:00:07]} f6 {[%emt 0:00:05]} 30. Kg2 {[%emt 0:00:01]} Kf7 {[%emt 0:00:00]} 31. a4 {[%emt 0:00:02]} h5 32. a5 Rc5 {[%emt 0:00:14]} 33. a6 {[%emt 0:00:04]} bxa6 {[%emt 0:00:02]} 34. Rxa6 {[%emt 0:00:01]} h4 35. Ra4 {[%emt 0:00:03]} hxg3 {[%emt 0:00:22]} 36. hxg3 {[%emt 0:00:01]} g5 {[%emt 0:00:10]} 37. Rab4 {[%emt 0:00:05]} f5 {[%emt 0:00:10]} 38. Rb5 {[%emt 0:00:20]} Rdd5 {[%emt 0:00:08]} 39. Rxc5 {[%emt 0:00:01]} Rxc5 {[%emt 0:00:01]} 40. Rb7 {[%emt 0:00:09]} Kf6 {[%emt 0:00:01]} 41. Rb6+ {[%emt 0:00:01]} e6 {[%emt 0:00:02]} 42. Rb8 {[%emt 0:00:02]} Rc2 {[%emt 0:00:11]} 43. Rb6 {[%emt 0:00:06]} g4 {[%emt 0:00:04]} 44. Ra6 {[%emt 0:00:03]} Rd2 {[%emt 0:00:02]} 45. Kf1 {[%emt 0:00:14]} Ke5 {[%emt 0:00:11]} 46. Ra5+ {[%emt 0:00:02]} Ke4 {[%emt 0:00:05]} 47. Ke1 {[%emt 0:00:05]} Rb2 {[%emt 0:00:10]} 48. Ra4+ {[%emt 0:00:03]} Kf3 {[%emt 0:00:14]} 49. Ra3+ {[%emt 0:02:11]} Kg2 {[%emt 0:00:10]} 50. Re3 {[%emt 0:00:03]} Rxf2 {[%emt 0:00:15]} 51. Rxe6 {[%emt 0:00:01]} Kxg3 {[%emt 0:00:12]} 52. Re5 {[%emt 0:00:25]} f4 {[%emt 0:00:11]} 53. Re4 {[%emt 0:00:01]} Ra2 {[%emt 0:00:14]} 54. Rb4 {[%emt 0:00:20]} f3 {[%emt 0:00:12]} 55. Rb3 {[%emt 0:00:01]} Kg2 {[%emt 0:00:12]} 0-1